The Renaissance in Italy (Record no. 149112)

MARC details
000 -LEADER
campo de control de longitud fija 00861nam a2200205 i 4500
001 - NÚMERO DE CONTROL
campo de control 149112
003 - IDENTIFICADOR DE NÚMERO DE CONTROL
campo de control ES-MaACL
005 - FECHA Y HORA DE LA ÚLTIMA TRANSACCIÓN
campo de control 20260201063015.0
007 - CAMPO FIJO DE DESCRIPCIÓN FÍSICA--INFORMACIÓN GENERAL
campo de control de longitud fija t|
008 - DATOS DE LONGITUD FIJA--INFORMACIÓN GENERAL
campo de control de longitud fija 070214n19001990xxk r ||||1| eng d
100 0# - ENTRADA PRINCIPAL--NOMBRE DE PERSONA
Nombre de persona Symonds, John Addington,
Fechas asociadas al nombre 1840-1893
9 (RLIN) 108971
245 14 - MENCIÓN DEL TÍTULO
Título The Renaissance in Italy
Resto del título : the age of the despots /
Mención de responsabilidad, etc. John Addington Symonds.
260 ## - PUBLICACIÓN, DISTRIBUCIÓN, ETC.
Lugar de publicación, distribución, etc. London :
Nombre del editor, distribuidor, etc. John Murray,
Fecha de publicación, distribución, etc. [19__?]
300 ## - DESCRIPCIÓN FÍSICA
Extensión 7 v. :
Otras características físicas il. ;
Dimensiones 20 cm.
505 8# - NOTA DE CONTENIDO CON FORMATO
Nota de contenido con formato Contiene: Vol. I. The age of the despots. Vol. II. The revival of learning. Vol. III. The fine arts. Vol. IV. Italian literature. Vol. V. Italian literature part II. Vol. VI. The catholic reaction. VII. The catholic reaction, part. II
650 04 - PUNTO DE ACCESO ADICIONAL DE MATERIA--TÉRMINO DE MATERIA
Término de materia o nombre geográfico como elemento de entrada Renacimiento-
Subdivisión geográfica Italia.
9 (RLIN) 16844
651 ## - PUNTO DE ACCESO ADICIONAL DE MATERIA--NOMBRE GEOGRÁFICO
Nombre geográfico Italia-
Subdivisión general Civilización.
9 (RLIN) 162968
852 ## - LOCALIZACIÓN
Ubicación ES-MaACL
Número de control de estantería A-2530-36
Holdings
Estatus retirado Estado de pérdida Estado de daño No para préstamo Biblioteca de origen Biblioteca actual Ubicación en estantería Fecha de adquisición Fuente de adquisición Total de préstamos Signatura topográfica completa Código de barras Visto por última vez Precio de reemplazo Tipo de ítem Koha
        Biblioteca del Ateneo de Madrid Biblioteca del Ateneo de Madrid Sala Pecera Planta 1 17/01/2008     A-2530-36 1155602 23/02/2023 23/02/2023 Libro impreso